000 00249nam a2200109Ia 4500
008 190216s9999||||xx |||||||||||||| ||und||
100 _aCecil Gillespie
245 0 _aStandard And Direct Costing
260 _bNull
_c1970
300 _a377p
942 _cBK
999 _c3943
_d3943